| 000 | 00816nam a22002897a 4500 | ||
|---|---|---|---|
| 001 | 5017 | ||
| 003 | FISKH | ||
| 005 | 20241031161348.0 | ||
| 008 | 241031b cb ||||| |||| 00| 0 eng d | ||
| 020 | _a9780545497862 | ||
| 040 |
_aFISKH _beng _cFISKH _dFISKH |
||
| 050 | _aPZ7.M5158752 | ||
| 082 | _2428.6 | ||
| 100 |
_aMeisel, Paul _d(1955-) |
||
| 245 |
_aSee me run / _cby Paul Meisel |
||
| 250 | _aFirst printing in 2012 | ||
| 260 |
_aNew York : _bScholastic, _c2012. |
||
| 300 |
_a22 pages : _bColor illustrations ; _c26 cm |
||
| 505 | _aB | ||
| 520 | _aA dog has a fun-filled day at the dog park, in this easy-to-read story. | ||
| 521 | 8 |
_a80L
_bLexile |
|
| 521 | 8 |
_aB
_bRaz-Plus |
|
| 650 |
_2Running _aPicture book |
||
| 650 |
_2Dinosaur _aEarly reader |
||
| 942 |
_2ddc _cBK _n0 |
||
| 999 |
_c5017 _d5017 |
||